| Record ID | ia:eatthatfrog21gre00trac |
| Source | Internet Archive |
| Download MARC XML | https://archive.org/download/eatthatfrog21gre00trac/eatthatfrog21gre00trac_marc.xml |
| Download MARC binary | https://www.archive.org/download/eatthatfrog21gre00trac/eatthatfrog21gre00trac_meta.mrc |
LEADER: 00753cam a22002294a 4500
001 00013189
003 DLC
005 20090811082854.0
008 001228s2001 caua 001 0 eng
010 $a 00013189
020 $a1583762027
040 $aDLC$cDLC$dDLC
042 $apcc
050 00 $aBF637.P76$bT73 2001
082 00 $a640/.43$221
100 1 $aTracy, Brian.
245 10 $aEat that frog! :$b21 great ways to stop procrastinating and get more done in less time /$cBrian Tracy.
260 $aSan Francisco, CA :$bBerrett-Koehler Publishers,$cc2001.
300 $axiv, 129 p. :$bill. ;$c23 cm.
504 $aIncludes index.
650 0 $aProcrastination.
856 42 $3Publisher description$uhttp://www.loc.gov/catdir/enhancements/fy0914/00013189-d.html